Filosofía de la naturaleza

Uloženo v:
Podrobná bibliografie
Hlavní autor: Aubert, Jean Marie (Autor)
Médium: Kniha
Jazyk:španělština
Vydáno: Barcelona Herder 1972
Vydání:2a. ed
Edice:Curso de filosofía tomista, 4
Témata:
Tagy: Přidat tag
Žádné tagy, Buďte první, kdo vytvoří štítek k tomuto záznamu!

MARC

LEADER 00000nam a2200000 a 4500
001 UCZ2204
003 CL-VaPUC
008 950926e19720000SP |||||||||||||||||spa|d
082 0 4 |a 113  |b AUB  |2 21 
100 0 |a Aubert, Jean Marie  |e author  |9 345996 
245 1 0 |a Filosofía de la naturaleza 
246 1 0 |a Propedéutica para una visión cristiana del mundo 
250 |a 2a. ed 
300 |a 428 p 
942 |c BK 
945 |d 19950926 00:00:00  |a cmena 
260 |a Barcelona  |b Herder  |c 1972 
600 0 |a Aristóteles,  |d 384 a.C.- 322 a.C.  |9 194 
600 0 |a Tomás de Aquino  |d 1220-1274  |c Santo  |9 255832 
650 0 |a Filosofía de la naturaleza  |9 265899 
650 0 |a Cristianismo  |9 257361 
650 0 |a Filosofía moderna  |9 258121 
650 0 |a Cosmología  |9 269138 
650 7 |a HOMBRE  |2 CL-VaPUC  |9 262149 
650 7 |a SER  |2 CL-VaPUC  |9 320176 
650 0 |a Ontología   |9 256850 
583 |a last modification  |c 19950926 00:00:00  |k Rodrigo Vera 
490 0 |a Curso de filosofía tomista, 4 
999 |c 238847  |d 238845 
952 |0 0  |1 0  |4 0  |6 113_000000000000000_AUB_1972  |7 0  |8 P  |9 249398  |a BIBEDU  |b BIBEDU  |c BIBEDU_PB  |d 2019-11-18  |i 1565664  |o 113 AUB 1972  |p 1565664  |r 2024-01-25  |w 2019-11-18  |y BK  |k FIL 
952 |0 0  |1 0  |4 0  |6 113_000000000000000_AUB_1972  |7 0  |8 P  |9 249399  |a BIBEDU  |b BIBEDU  |c BIBEDU_PB  |d 2019-11-18  |i 3131327  |o 113 AUB 1972  |p 3131327  |r 2024-01-25  |w 2019-11-18  |y BK  |k FIL